000
00269nam a2200121Ia 4500
008
190216s9999||||xx |||||||||||||| ||und||
100
_a
Abdurahiman A M
245
0
_a
Nusoosul Adab
260
_b
Al-Huda Book Stall
_c
1984
300
_a
70p
650
_a
Arabic
942
_c
BK
999
_c
424
_d
424